| 000 | 00421nam a2200169Ia 4500 | ||
|---|---|---|---|
| 008 | 230917s9999||||xx |||||||||||||| ||und|| | ||
| 020 | _cRS150 | ||
| 040 |
_e12906 _aMAIN |
||
| 041 | _aEnglish | ||
| 082 | _a519.5 Y91I | ||
| 100 | _aYule, G Udny | ||
| 245 | 0 | _aIntroduction to the theory of statistics | |
| 250 | _a14th rev. ed. | ||
| 260 |
_aNew Delhi _bUniversal book _c1993 |
||
| 300 | _axxiv, 701 p. | ||
| 942 | _cBK | ||
| 999 |
_c76700 _d76700 |
||